[Event "Challenge"]
[Site "http://www.queenalice.com/game.php?id=189576"]
[Date "2007.3.29"]
[Round "-"]
[White "DjChess"]
[Black "murilo"]
[Result "0-1"]
[WhiteElo "1638"]
[BlackElo "1703"]

1. d4 d5 2. c4 Bg4 3. f3 Be6 4. c5 Nf6 5. e3 Nc6 6. Bb5 a5 7. Bxc6+ bxc6 8. Ne2
Ra6 9. O-O h5 10. a4 g5 11. b3 Bh6 12. Nbc3 g4 13. fxg4 Bxg4 14. h3 Bxe2 15.
Nxe2 Ne4 16. Bd2 e5 17. dxe5 Qg5 18. Nd4 Qg3 19. Qxh5 Bxe3+ 20. Bxe3 Qxe3+ 0-1

[Event "Challenge"]
[Site "http://www.queenalice.com/game.php?id=189621"]
[Date "2007.3.30"]
[Round "-"]
[White "Kronista"]
[Black "DjChess"]
[Result "1-0"]
[WhiteElo "1877"]
[BlackElo "1642"]

1. e4 c5 2. Nf3 d6 3. d4 cxd4 4. Nxd4 Nf6 5. Nc3 e5 6. Nf3 Be7 7. Bc4 O-O 8. Bg5
Qb6 9. Bb3 Ng4 10. O-O Bxg5 11. Nxg5 h6 12. Nd5 Qd8 13. Nh3 Nc6 14. f4 Be6 15.
f5 Bxd5 16. exd5 Ne3 17. Qh5 Nxf1 18. Rxf1 Nd4 19. f6 Nxb3 20. Rf3 Nd2 21. Rf5
Ne4 22. fxg7 Qb6+ 23. Kh1 Qe3 24. gxf8=Q+ Rxf8 25. Rf3 Qe1+ 26. Ng1 Nf2+ 27.
Rxf2 Qxf2 28. Qxh6 Qxc2 29. Qxd6 Qxb2 30. h4 Kg7 31. Nf3 Rh8 32. Qe7 Qc1+ 33.
Kh2 Qf4+ 34. Kh3 Qf5+ 35. Kg3 e4 36. Qe5+ Qxe5+ 37. Nxe5 e3 38. d6 e2 39. Kf2
Rxh4 40. g4 Rh2+ 41. Ke1 Kf8 42. d7 Ke7 43. g5 a5 44. d8=Q+ Kxd8 45. Nxf7+ Ke7
46. g6 Kf8 47. Nd6 b6 48. Nc4 Rg2 49. Nxb6 Kg7 50. Nd5 Rh2 51. Nc3 Kxg6 52. Nxe2
Kf5 53. Nc3 Kf4 54. a3 Ke3 55. Nd5+ Kd4 56. Nc7 Ke3 57. Nd5+ Kd4 58. Nc7 Ra2 59.
Kd1 Kd3 60. Kc1 Rxa3 61. Kb2 Rc3 62. Nd5 Rc2+ 63. Ka3 Rc1 64. Kb2 Rc8 65. Kb3
Ra8 66. Ka4 Kd4 67. Nb6 Ra6 68. Kb5 Ra7 69. Nc8 Ra8 70. Nb6 a4 71. Nxa4 Rb8+ 72.
Nb6 Kc3 73. Kc5 1-0

[Event "Challenge"]
[Site "http://www.queenalice.com/game.php?id=199561"]
[Date "2007.4.20"]
[Round "-"]
[White "Kronista"]
[Black "DjChess"]
[Result "1-0"]
[WhiteElo "1732"]
[BlackElo "1596"]

1. e4 e5 2. Nf3 Nc6 3. Bb5 d6 4. Nc3 f5 5. d4 exd4 6. Nxd4 Nf6 7. Nxc6 bxc6 8.
Bxc6+ Bd7 9. Bxa8 Qxa8 10. O-O Be7 11. Bg5 O-O 12. Bxf6 Bxf6 13. Qd5+ Qxd5 14.
Nxd5 fxe4 15. Nxf6+ Rxf6 16. Rae1 d5 17. f3 exf3 18. Rxf3 Rc6 19. Re7 Bg4 20.
Rff7 Rg6 21. Rxc7 a5 22. Ra7 d4 23. Rf4 h6 24. Rxd4 Kh7 25. Rxa5 Rf6 26. Rxg4 h5
27. Rxh5+ Kg8 28. a4 Rb6 29. b4 Kf7 30. b5 g6 31. Rh6 1-0

[Event "Challenge"]
[Site "http://www.queenalice.com/game.php?id=199562"]
[Date "2007.4.20"]
[Round "-"]
[White "DjChess"]
[Black "Kronista"]
[Result "0-1"]
[WhiteElo "1552"]
[BlackElo "1768"]

1. d4 d5 2. c4 e6 3. e3 Nf6 4. Nf3 Nbd7 5. c5 c6 6. b4 g6 7. Bd3 Bg7 8. O-O O-O
9. Nc3 Re8 10. Bb2 e5 11. Bc2 e4 12. Ne5 Nxe5 13. dxe5 Ng4 14. h3 Nxe5 15. f4
Nc4 16. Rb1 Nxe3 17. Qe2 Nxf1 18. Rxf1 f5 19. a4 a5 20. b5 d4 21. Qd1 dxc3 22.
Qxd8 Rxd8 23. Ba3 Be6 24. bxc6 bxc6 25. Re1 Rd2 26. Bb1 Ba2 27. Bc1 Rb8 28. Bxd2
Rxb1 29. Rxb1 Bxb1 30. Bc1 c2 31. Kf2 Bd4+ 32. Ke1 Bxc5 33. g3 Kf7 34. Kd2 Bd4
35. g4 Ke6 0-1

[Event "Challenge"]
[Site "http://www.queenalice.com/game.php?id=199670"]
[Date "2007.4.20"]
[Round "-"]
[White "iwanikow"]
[Black "DjChess"]
[Result "0-1"]
[WhiteElo "1721"]
[BlackElo "1605"]

1. e4 e5 2. Nf3 Nc6 3. Be2 f5 4. exf5 Nf6 5. O-O d6 6. c3 Bxf5 7. d3 Be7 8. Bg5
O-O 9. Qb3+ Kh8 10. Qxb7 Bd7 11. d4 a5 12. dxe5 dxe5 13. Bb5 Ra7 14. Bxc6 Rxb7
15. Bxb7 e4 16. Ne5 Bd6 17. Bxf6 Rxf6 18. Nxd7 Qxd7 19. Nd2 Rg6 20. Nxe4 Qg4 21.
g3 h5 22. Nxd6 cxd6 23. Rad1 h4 24. Rd4 Qe2 25. Rxh4+ Rh6 26. Rxh6+ gxh6 27. Rb1
Qc2 28. Re1 Qxb2 29. f4 Qxb7 30. Re6 Qb1+ 31. Kg2 Qxa2+ 0-1

[Event "Challenge"]
[Site "http://www.queenalice.com/game.php?id=203790"]
[Date "2007.4.29"]
[Round "-"]
[White "rockrodrigues"]
[Black "DjChess"]
[Result "1-0"]
[WhiteElo "1823"]
[BlackElo "1566"]

1. e4 e5 2. Nf3 Nc6 3. d4 exd4 4. Nxd4 Bc5 5. Nxc6 bxc6 6. Bd3 Qh4 7. O-O Bd6 8.
h3 Nf6 9. Be3 O-O 10. Nd2 Be5 11. Nf3 Qh5 12. Nxe5 Qxe5 13. Re1 Nxe4 14. Bxe4
Qxe4 15. Bc5 Qd5 16. Bxf8 Qxd1 17. Raxd1 Kxf8 18. Re3 d5 19. Rde1 Bd7 20. a3 Re8
21. Rxe8+ Bxe8 22. Kf1 c5 23. Ke2 d4 24. Kd2 c4 25. g3 a5 26. Re4 c5 27. Re5 c3+
28. bxc3 dxc3+ 29. Kxc3 c4 30. Rxa5 g6 31. Kxc4 Kg7 32. Kd4 h5 33. h4 Bd7 34. c4
Kf6 35. c5 Kg7 36. Kd5 f5 37. Ra7 1-0

[Event "DJs Game"]
[Site "http://www.queenalice.com/game.php?id=221535"]
[Date "2007.6.6"]
[Round "-"]
[White "MarcosT"]
[Black "DjChess"]
[Result "1-0"]
[WhiteElo "1723"]
[BlackElo "1607"]

1. e4 c5 2. Bc4 d6 3. h3 e6 4. Nc3 Nf6 5. d3 g6 6. Bg5 Bg7 7. Nf3 O-O 8. d4 cxd4
9. Nxd4 e5 10. Nf3 a6 11. Nd5 Qa5+ 12. c3 Nxe4 13. O-O Nxg5 14. Nxg5 b5 15. b4
Qd8 16. Nxf7 Rxf7 17. Bb3 Kh8 18. Re1 Bb7 19. Nb6 d5 20. Nxa8 Nc6 21. Bxd5 Rf8
22. Bxc6 Qxd1 23. Raxd1 Bxc6 24. Nc7 Rf5 25. Ne6 Kg8 26. g4 Rf3 27. Rd8+ Bf8 28.
Rxe5 1-0

[Event "QA-ANNIV-03"]
[Site "http://www.queenalice.com/game.php?id=225741"]
[Date "2007.6.15"]
[Round "1"]
[White "DjChess"]
[Black "Plis"]
[Result "0-1"]
[WhiteElo "1642"]
[BlackElo "2053"]

1. d4 Nf6 2. c4 c5 3. e3 e6 4. Nf3 d5 5. b3 Nc6 6. Ne5 Nxe5 7. dxe5 Ne4 8. Bd3
Qg5 9. O-O Qxe5 10. Qc2 Bd6 11. f4 Qh5 12. Bxe4 dxe4 13. Qxe4 O-O 14. Bb2 Rd8
15. Nc3 f5 0-1

[Event "Challenge"]
[Site "http://www.queenalice.com/game.php?id=231770"]
[Date "2007.6.28"]
[Round "-"]
[White "Leofelix"]
[Black "DjChess"]
[Result "1-0"]
[WhiteElo "1625"]
[BlackElo "1631"]

1. d4 Nf6 2. f3 g6 3. Na3 e6 4. Bf4 Bg7 5. Nb5 a6 6. Nxc7+ Ke7 7. Nxa8 Qa5+ 8.
Qd2 Qd5 9. Qb4+ d6 10. Nc7 Qc6 11. Bxd6+ Qxd6 12. Qxd6+ Kxd6 13. Na8 Kc6 14. e4
b5 15. a4 Kb7 16. axb5 Kxa8 17. bxa6 Rd8 18. a7 Nc6 19. e5 1-0

[Event "AUTO-INT-632"]
[Site "http://www.queenalice.com/game.php?id=278777"]
[Date "2007.9.29"]
[Round "1"]
[White "DjChess"]
[Black "filipe5b"]
[Result "1-0"]
[WhiteElo "1592"]
[BlackElo "1265"]

1. d4 e6 2. c4 Bb4+ 3. Nc3 Qf6 4. Nf3 Bxc3+ 5. bxc3 Nh6 6. Bxh6 gxh6 7. e4 Rg8
8. Be2 Qg6 9. g3 d5 10. exd5 exd5 11. cxd5 Bh3 12. Bb5+ 1-0

[Event "AUTO-INT-632"]
[Site "http://www.queenalice.com/game.php?id=278778"]
[Date "2007.9.29"]
[Round "1"]
[White "filipe5b"]
[Black "DjChess"]
[Result "0-1"]
[WhiteElo "1265"]
[BlackElo "1595"]

1. e4 c5 2. Bc4 d6 3. Qf3 e6 4. Nh3 Nc6 5. d3 Nd4 6. Qd1 d5 7. exd5 exd5 8. Bb3
Nxb3 9. cxb3 Bxh3 10. gxh3 Nf6 11. Nc3 d4 12. Nb5 Qa5+ 0-1

[Event "AUTO-INT-632"]
[Site "http://www.queenalice.com/game.php?id=278779"]
[Date "2007.9.29"]
[Round "1"]
[White "DjChess"]
[Black "darkjedi"]
[Result "0-1"]
[WhiteElo "1572"]
[BlackElo "1929"]

1. d4 Nf6 2. c4 e6 3. a3 c5 4. e3 d5 5. Be2 cxd4 6. exd4 Be7 7. Nf3 O-O 8. O-O
Qc7 9. c5 Nc6 10. b4 a6 11. Nc3 Ne4 12. Nxe4 dxe4 13. Nd2 f5 14. Nc4 Bd7 15. Bb2
Rad8 16. Ne5 Nxe5 17. dxe5 Bb5 18. Qc2 Bxe2 19. Qxe2 Rd5 20. Rad1 Rfd8 21. Rfe1
g6 22. Bc3 Bf8 23. Rxd5 Rxd5 24. Rd1 Qd7 25. Rxd5 Qxd5 26. g3 Qb3 27. Bb2 Qd5
28. h4 Bg7 29. Ba1 Bxe5 30. Bxe5 Qxe5 31. Qc4 Qd5 32. Qxd5 exd5 33. Kf1 Kf7 34.
Ke2 d4 35. Kd2 Ke6 36. a4 Kd5 37. Kc2 Kc4 38. c6 bxc6 0-1

[Event "AUTO-INT-632"]
[Site "http://www.queenalice.com/game.php?id=278780"]
[Date "2007.9.29"]
[Round "1"]
[White "darkjedi"]
[Black "DjChess"]
[Result "1-0"]
[WhiteElo "1938"]
[BlackElo "1571"]

1. e4 c5 2. f4 d6 3. Nf3 e6 4. Bc4 Nf6 5. Nc3 Be7 6. d4 cxd4 7. Nxd4 e5 8. fxe5
dxe5 9. Nf3 Qxd1+ 10. Kxd1 O-O 11. Nxe5 Bg4+ 12. Nxg4 Nxg4 13. Ke2 Bc5 14. h3
Nf2 15. Rf1 Nc6 16. Be3 Bxe3 17. Kxe3 Nxe4 18. Nxe4 Rae8 19. Kf4 Ne5 20. Bb5
Ng6+ 21. Kf3 Rd8 22. Bd3 Ne5+ 23. Ke2 Nxd3 24. cxd3 Rfe8 25. Kf3 Rxd3+ 26. Kf4
f6 27. Nc3 Rd4+ 28. Kg3 a5 29. Rad1 Re3+ 30. Kf2 Rxd1 31. Rxd1 Re5 32. Rd8+ Kf7
33. Rd7+ Kg6 34. Rxb7 h5 35. Rb5 Rxb5 36. Nxb5 Kf5 37. Ke3 Ke5 38. g3 g5 39. a3
f5 40. b3 1-0

[Event "Challenge"]
[Site "http://www.queenalice.com/game.php?id=292775"]
[Date "2007.10.25"]
[Round "-"]
[White "Capixaba789"]
[Black "DjChess"]
[Result "1-0"]
[WhiteElo "1570"]
[BlackElo "1613"]

1. e4 e5 2. Nf3 Nc6 3. Bb5 d6 4. c3 f5 5. exf5 Bxf5 6. Qe2 Bxb1 7. Rxb1 Nf6 8.
Nxe5 dxe5 9. O-O Qd6 10. d4 O-O-O 11. dxe5 Nxe5 12. Bf4 Kb8 13. Bxe5 Qe6 14.
Bxc7+ Kxc7 15. Qxe6 Nd7 16. Rbd1 Bc5 17. Bxd7 Rhf8 18. Qe5+ Kb6 19. Qe6+ Kc7 20.
Qe5+ Kb6 21. b4 1-0

[Event "AUTO-INT-1013"]
[Site "http://www.queenalice.com/game.php?id=453341"]
[Date "2008.8.25"]
[Round "1"]
[White "CONTEMPLATIF"]
[Black "DjChess"]
[Result "1-0"]
[WhiteElo "1505"]
[BlackElo "1533"]

1. Nf3 d5 2. d4 e6 3. c4 Nf6 4. cxd5 Bb4+ 5. Bd2 Bxd2+ 6. Qxd2 Qxd5 7. Nc3 Qd8
8. e3 O-O 9. Bd3 Nc6 10. O-O a6 11. a3 Nd5 12. Nxd5 exd5 13. Rac1 Bg4 14. Ne1
Qd7 15. Bb1 b5 16. b4 Ne7 17. f3 Bh5 18. g4 Bg6 19. Bxg6 Nxg6 20. Nd3 Nh4 21.
Nc5 Nxf3+ 22. Rxf3 Qxg4+ 23. Qg2 Qxg2+ 24. Kxg2 a5 25. bxa5 Rxa5 26. e4 dxe4 27.
Nxe4 Rxa3 28. Rxa3 b4 29. Rb3 Re8 30. Ng3 Rd8 31. Rxc7 h6 32. Rxb4 Kh7 33. Rbc4
f6 34. R7c5 g5 35. d5 Kg6 36. Ne4 f5 37. Ng3 f4 38. Rc6+ Kf7 39. Rc7+ Kf6 40.
R4c6+ Ke5 41. Nh5 Rxd5 42. Re7+ Kd4 43. Kf3 Kd3 44. Nf6 Rb5 45. Rd7+ Rd5 46.
Rxd5# 1-0

[Event "AUTO-INT-1013"]
[Site "http://www.queenalice.com/game.php?id=453342"]
[Date "2008.8.25"]
[Round "1"]
[White "DjChess"]
[Black "CONTEMPLATIF"]
[Result "0-1"]
[WhiteElo "1541"]
[BlackElo "1738"]

1. d4 d5 2. c4 e6 3. Nc3 Nf6 4. Bg5 Be7 5. Bxf6 Bxf6 6. e3 O-O 7. Nf3 c6 8. Bd3
Nd7 9. c5 b6 10. b4 b5 11. O-O h6 12. a3 a6 13. Ne2 Re8 14. Nc1 e5 15. dxe5 Nxe5
16. Nxe5 Bxe5 17. Rb1 Qh4 18. f4 Bc7 19. Qf3 Bg4 20. Qg3 Qxg3 21. hxg3 Rxe3 22.
Kh2 Rae8 23. Rb3 a5 24. bxa5 Bxa5 25. Na2 g6 26. f5 Bxf5 27. Nc1 Bxd3 28. Rxd3
Rxd3 29. Nxd3 Re3 30. Rd1 Bc7 31. Nb4 Bxg3+ 32. Kg1 Rxa3 33. Nxc6 h5 34. Ne7+
Kf8 35. Nxd5 Ra6 36. Rd3 Ra1+ 37. Rd1 Rxd1# 0-1

[Event "AUTO-INT-1013"]
[Site "http://www.queenalice.com/game.php?id=453355"]
[Date "2008.8.25"]
[Round "1"]
[White "DjChess"]
[Black "clk"]
[Result "0-1"]
[WhiteElo "1516"]
[BlackElo "1572"]

1. d4 d5 2. c4 c6 3. Nc3 dxc4 4. e4 b5 5. Nf3 Bg4 6. Be2 e6 7. a3 Nf6 8. O-O Be7
9. b3 Bxf3 10. Bxf3 O-O 11. e5 Nfd7 12. bxc4 b4 13. axb4 Bxb4 14. Bb2 c5 15.
Bxa8 Nb6 16. Bf3 cxd4 17. Ne2 d3 18. Nd4 Nxc4 19. Qxd3 Nxb2 20. Qe4 Bc3 21. Nc6
Nxc6 22. Qxc6 Bxe5 23. Qb5 Qc7 24. Rac1 Bxh2+ 25. Kh1 Qe5 26. Qxe5 Bxe5 27. Bb7
Rb8 28. Rc8+ Rxc8 29. Bxc8 Nd3 30. Ra1 Bxa1 31. Kg1 Bd4 32. g3 Bxf2+ 33. Kf1 a5
34. Ke2 Bxg3 35. Kxd3 h5 36. Bb7 f5 37. Bf3 g6 38. Ke3 a4 39. Bd1 a3 40. Bb3 h4
41. Bxe6+ Kg7 42. Ba2 h3 43. Kf3 f4 44. Bb3 h2 0-1

[Event "AUTO-INT-1013"]
[Site "http://www.queenalice.com/game.php?id=453356"]
[Date "2008.8.25"]
[Round "1"]
[White "clk"]
[Black "DjChess"]
[Result "1-0"]
[WhiteElo "1495"]
[BlackElo "1569"]

1. e4 c5 2. Nf3 d6 3. Nc3 e6 4. d3 Nf6 5. Bg5 Be7 6. d4 cxd4 7. Nxd4 O-O 8. Bd3
Nc6 9. Nxc6 bxc6 10. h4 Bb7 11. h5 Nxe4 12. Bxe7 Nxc3 13. Bxh7+ Kxh7 14. Qd3+
Kg8 15. Bxd8 Rfxd8 16. Qxc3 c5 17. h6 g6 18. Qg7# 1-0

[Event "AUTO-INT-1013"]
[Site "http://www.queenalice.com/game.php?id=453357"]
[Date "2008.8.25"]
[Round "1"]
[White "DjChess"]
[Black "kretin_alan"]
[Result "0-1"]
[WhiteElo "1502"]
[BlackElo "1651"]

1. d4 Nf6 2. c4 e6 3. Nc3 Bb4 4. Bd2 b6 5. e4 Bb7 6. d5 O-O 7. Nf3 a5 8. a3 Bxc3
9. Bxc3 c5 10. e5 Ne4 11. Bd3 Nxc3 12. bxc3 d6 13. dxe6 fxe6 14. exd6 Nd7 15.
O-O Qf6 16. Rc1 Rad8 17. Qe2 Bxf3 18. Qxf3 Qxf3 19. gxf3 Rxf3 20. Be4 Rf4 21. f3
Ne5 22. Rcd1 Nxc4 23. d7 Ne3 24. Rfe1 Nxd1 25. Rxd1 g6 26. Bc6 Kf7 27. Kg2 Rc4
28. Rc1 Ke7 29. Bb5 Rf4 30. c4 g5 31. h3 Rdf8 32. Bc6 Kd6 33. Bb5 e5 34. Rd1+
Rd4 35. Re1 h5 36. Re2 g4 37. hxg4 hxg4 0-1

[Event "AUTO-INT-1013"]
[Site "http://www.queenalice.com/game.php?id=453358"]
[Date "2008.8.25"]
[Round "1"]
[White "kretin_alan"]
[Black "DjChess"]
[Result "1-0"]
[WhiteElo "1714"]
[BlackElo "1550"]

1. d4 Nf6 2. Nf3 e6 3. Bf4 d5 4. e3 Bb4+ 5. c3 Bd6 6. Bxd6 cxd6 7. Bd3 O-O 8.
Nbd2 Nc6 9. Qc2 Ne4 10. Nxe4 dxe4 11. Bxe4 d5 12. Bxh7+ Kh8 13. h4 b6 14. Ng5 f5
15. Bg6 a5 16. Qe2 1-0